Ľan: starodávny liek a moderná super potravina
Guardado en:
| Autor principal: | |
|---|---|
| Otros Autores: | |
| Formato: | Manuscrito Libro |
| Lenguaje: | eslovaco |
| Publicado: |
2021
|
| Materias: | |
| Acceso en línea: | http://is.stuba.sk/zp/portal_zp.pl?podrobnosti=148906 |
| Etiquetas: |
Sin Etiquetas, Sea el primero en etiquetar este registro!
|
MARC
| LEADER | 00000ntm a22000003a 4500 | ||
|---|---|---|---|
| 001 | stuzp83546 | ||
| 003 | SK-STU | ||
| 005 | 20210626210939.4 | ||
| 007 | ta | ||
| 008 | 150427s2015----xo-----f-mn---000-0-slo-d | ||
| 040 | |a STU |b slo | ||
| 041 | 0 | |a slo | |
| 100 | 1 | |a Valachová, Katarína |u 040270 |4 aut |U FCHPT Ústav potravinárstva a výživy |T FCHPT Oddelenie výživy a hodnotenia kvality potravín |X 97383 |U C0270 |Y 686 |7 97383 | |
| 242 | 0 | 1 | |a Flax: an ancient medicine and modern superfood |y eng |
| 245 | 1 | 0 | |a Ľan: starodávny liek a moderná super potravina |
| 260 | |c 2021 | ||
| 650 | 4 | |a kyselina α-linolénová |2 slo | |
| 650 | 4 | |a lignany |2 slo | |
| 650 | 4 | |a zdravotné účinky |2 slo | |
| 650 | 4 | |a Ľan siaty |2 slo | |
| 650 | 4 | |a funkčné potraviny |2 slo | |
| 650 | 4 | |a flax |2 eng | |
| 650 | 4 | |a α-linolenic acid |2 eng | |
| 650 | 4 | |a lignans |2 eng | |
| 650 | 4 | |a health effects |2 eng | |
| 650 | 4 | |a functional food |2 eng | |
| 700 | 1 | |a Hybenová, Eva |u 040270 |k Z1 |4 ths |U FCHPT Ústav potravinárstva a výživy |T FCHPT Oddelenie výživy a hodnotenia kvality potravín |X 3897 |U C0270 |Y 686 |7 A000003897 | |
| 856 | 4 | |u http://is.stuba.sk/zp/portal_zp.pl?podrobnosti=148906 | |